| 000 | 00538nam a2200193 4500 | ||
|---|---|---|---|
| 003 | LK-CoMWRAF | ||
| 005 | 20231020140532.0 | ||
| 008 | 230925b |||||||| |||| 00| 0 eng d | ||
| 040 |
_aLK-CoMWRAF _dLK-CoMWRAF _eLK-CoMWRAF |
||
| 041 | _aeng | ||
| 082 |
_a823 _bKHA |
||
| 100 | _aKhan, Saniyasnain | ||
| 245 |
_aTwo tales : _bThe great ark : The beautiful prayer |
||
| 260 |
_aNew Delhi : _bGoodword books, _c2009 |
||
| 490 | _aFavourite tales from the Quran | ||
| 650 | _aIslam-stories | ||
| 650 | _aChild stories-Quran | ||
| 942 | _cBK | ||
| 999 |
_c3672 _d3672 |
||